LDR 00706naa#a2200181#i#450# 001 EN\\bibl\126819 005 20260701220353.3 011 ## _a1815-588X 100 ## _a20260630b2026####ek#y0engy0150####ca 102 ## _aRU 200 1# _aComparative Analysis of Methods for Assessing Initial Displacements of the Near-Face Area in Conditions of Low-Strength Semi-Rocky Soils _eJournal article 210 1# _aSaint-Petersburg _cFSBEI HE "Emperor Alexander I St. Petersburg State Transport University" _d2026 215 ## _a14 с. 608 ## _aJournal article _2local 675 ## _aГорные тоннели. 624.19.035.2 _z 700 #1 _aKavkazskiy _gVladimir Nikolaevich 700 #1 _aErmonin _gEvgeniy Aleseevich 856 4# _aatjournal.ru _u